000 00421nam a2200181Ia 4500
003 0100
008 130303s9999 xx 000 0 und d
040 _cARRUPELIB
050 _aBR1360MBI1986
100 _aMbiti, John S
245 _aBible and theology in African christianity
260 _aNairobi
260 _bOxford University Press
260 _C1986
300 _a248p.
300 _b 23 cm
942 0 0 _03
999 _c22633
_d22633